[Event "Reykjavik Open 2025"]
[Site "Reykjavik"]
[Date "2025.04.11"]
[Round "4.63"]
[White "Xu, Yuanyuan"]
[Black "Abramov, Artem"]
[Result "1-0"]
[WhiteElo "2288"]
[WhiteFideId "8601089"]
[BlackElo "1948"]
[BlackFideId "4192451"]
[Variant "Standard"]
[StudyName "ROpen - Rd4 - Boards 45-108"]
1. Nf3 d5 2. e3 Nf6 3. c4 c6 4. Nc3 e6 5. b3 Nbd7 6. Bb2 Bd6 7. Qc2 O-O 8. Rg1 b6 9. g4 Ne5 10. Nxe5 Bxe5 11. f4 Bd6 12. Bd3 g6 13. Ne2 Nd7 14. Qc3 e5 15. cxd5 cxd5 16. Bb5 Qe7 17. Bxd7 Bxd7 18. fxe5 Rac8 19. Qd4 Bc5 20. Qf4 Be6 21. Qh6 Ba3 22. Bc3 Bb4 23. Bxb4 Qxb4 24. Nf4 Qe4 25. Qg5 f6 26. exf6 d4 27. Nxe6 Qxe6 28. Rf1 dxe3 29. dxe3 Rc2 30. Rd1 Rxh2 31. f7+ Kg7 32. Qf4 Qe7 33. Qxh2 Qxe3+ 34. Qe2 Qc3+ 35. Rd2 1-0

[Event "Reykjavik Open 2025"]
[Site "Reykjavik"]
[Date "2025.04.11"]
[Round "4.64"]
[White "Lenz, Joshua"]
[Black "Pisk, Petr"]
[Result "0-1"]
[WhiteElo "1944"]
[WhiteFideId "16256956"]
[BlackElo "2302"]
[BlackFideId "304689"]
[Variant "Standard"]
[StudyName "ROpen - Rd4 - Boards 45-108"]
1. e4 c6 2. d4 g6 3. c4 d6 4. Nc3 e5 5. dxe5 dxe5 6. Qxd8+ Kxd8 7. Be3 Be6 8. Nf3 f6 9. a3 Nd7 10. O-O-O Kc7 11. Be2 a5 12. Nd2 a4 13. Bd3 Bh6 14. Nf1 Nc5 15. Be2 Bxe3+ 16. Nxe3 f5 17. f3 h5 18. h3 h4 19. Rhe1 Nf6 20. exf5 gxf5 21. Bf1 Nfd7 22. Nc2 Rhg8 23. f4 Nb3+ 24. Kb1 e4 25. Ne3 Ndc5 26. Kc2 Rg3 27. Na2 Nd7 28. Nc1 Nbc5 29. Rd2 Nf6 30. Rf2 Rd8 31. Kc3 b5 32. Kc2 bxc4 33. Bxc4 Rxe3 34. Rxe3 Bxc4 35. Rc3 Bb3+ 0-1

[Event "Reykjavik Open 2025"]
[Site "Reykjavik"]
[Date "2025.04.11"]
[Round "4.65"]
[White "Sriansh, Das"]
[Black "Soderberg, Kevin"]
[Result "1-0"]
[WhiteElo "2278"]
[WhiteFideId "45030081"]
[BlackElo "1944"]
[BlackFideId "1719726"]
[Variant "Standard"]
[StudyName "ROpen - Rd4 - Boards 45-108"]
1. e4 c5 2. Nf3 g6 3. d4 cxd4 4. Nxd4 Bg7 5. c4 Nc6 6. Be3 Nf6 7. Nc3 O-O 8. Be2 d6 9. O-O Bd7 10. Rc1 Nxd4 11. Bxd4 Bc6 12. f3 a5 13. Qd2 Nd7 14. Be3 Nc5 15. b3 b6 16. Rfd1 Qb8 17. Rb1 Qb7 18. Bf1 f5 19. exf5 Rxf5 20. Re1 Raf8 21. a3 Be5 22. b4 axb4 23. axb4 Ne6 24. b5 Bxf3 25. gxf3 Qxf3 26. Nd5 Nf4 27. Bxf4 Rxf4 28. Nxf4 Rxf4 29. Qd5+ 1-0

[Event "Reykjavik Open 2025"]
[Site "Reykjavik"]
[Date "2025.04.11"]
[Round "4.66"]
[White "Benavente, Christian"]
[Black "Bhagat, Kush"]
[Result "0-1"]
[WhiteElo "1938"]
[WhiteFideId "1636928"]
[BlackElo "2301"]
[BlackFideId "46672940"]
[Variant "Standard"]
[StudyName "ROpen - Rd4 - Boards 45-108"]
1. d4 Nf6 2. c4 g6 3. Nc3 Bg7 4. e4 d6 5. h3 O-O 6. Be3 Nbd7 7. Qd2 e5 8. d5 Nc5 9. f3 a5 10. O-O-O Ne8 11. g4 f5 12. gxf5 gxf5 13. Bg5 Bf6 14. h4 f4 15. Nh3 Ng7 16. Rg1 Kh8 17. Bh6 Rg8 18. Ng5 Qe7 19. Ne6 Ngxe6 20. Rxg8+ Kxg8 21. dxe6 Bxe6 22. Nd5 Bxd5 23. Qxd5+ Kh8 24. Bh3 Bxh4 25. Rg1 Bg3 26. Rh1 Qh4 27. Qd1 Qxh6 28. Bf5 Bh4 29. Rh2 Rg8 30. Qh1 Qg5 31. Bg4 Nd3+ 32. Kc2 Nf2 33. Qe1 Nxg4 34. Rxh4 Ne3+ 35. Kb3 Qg1 36. Rxh7+ Kxh7 37. Qh4+ Kg6 0-1

[Event "Reykjavik Open 2025"]
[Site "Reykjavik"]
[Date "2025.04.11"]
[Round "4.67"]
[White "Gislason, Gudmundur"]
[Black "Shepherd, Tom"]
[Result "1-0"]
[WhiteElo "2216"]
[WhiteFideId "2300559"]
[BlackElo "1937"]
[BlackFideId "447005"]
[Variant "Standard"]
[StudyName "ROpen - Rd4 - Boards 45-108"]
1. Nf3 Nf6 2. d4 d5 3. c4 c5 4. cxd5 cxd4 5. Qa4+ Qd7 6. Qxd4 Qxd5 7. Nc3 Qxd4 8. Nxd4 a6 9. g3 e5 10. Nc2 Bf5 11. Ne3 Be6 12. Bg2 Nc6 13. O-O O-O-O 14. Bxc6 bxc6 15. Na4 Ne4 16. Nc4 Bxc4 17. Nb6+ Kb7 18. Nxc4 f6 19. Be3 Rd5 20. Nb6 Rb5 21. Na4 Bc5 22. Nxc5+ Rxc5 23. Bxc5 Nxc5 24. a4 a5 25. Rfb1 1-0

[Event "Reykjavik Open 2025"]
[Site "Reykjavik"]
[Date "2025.04.11"]
[Round "4.68"]
[White "Landmark, Gabriel"]
[Black "Llari, Marc"]
[Result "0-1"]
[WhiteElo "1927"]
[WhiteFideId "2524848"]
[BlackElo "2299"]
[BlackFideId "651044269"]
[Variant "Standard"]
[StudyName "ROpen - Rd4 - Boards 45-108"]
1. e4 c5 2. Nf3 Nc6 3. d4 cxd4 4. Nxd4 e5 5. Nb5 d6 6. N1c3 a6 7. Na3 Be6 8. Nd5 Bxd5 9. exd5 Nce7 10. c4 Nf6 11. Be2 g6 12. O-O Bg7 13. b4 O-O 14. Bb2 a5 15. bxa5 Rxa5 16. Qb3 Qd7 17. Bc3 Raa8 18. Nb5 Ne4 19. Bb4 Rfc8 20. Rab1 f5 21. Nxd6 Nxd6 22. c5 Nf7 23. c6 bxc6 24. dxc6 Nxc6 25. Rfd1 Nd4 0-1

[Event "Reykjavik Open 2025"]
[Site "Reykjavik"]
[Date "2025.04.11"]
[Round "4.69"]
[White "Garbuz, Vitaliy"]
[Black "Smit, Emeline"]
[Result "1-0"]
[WhiteElo "2203"]
[WhiteFideId "12990710"]
[BlackElo "1926"]
[BlackFideId "1042262"]
[Variant "Standard"]
[StudyName "ROpen - Rd4 - Boards 45-108"]
1. Nf3 Nf6 2. d4 d5 3. c4 c6 4. Qc2 e6 5. g3 Be7 6. Bg2 O-O 7. O-O Nbd7 8. Nbd2 b6 9. e4 dxe4 10. Nxe4 Nxe4 11. Qxe4 Bb7 12. Ne5 Nf6 13. Qd3 Qc7 14. Bf4 Nh5 15. Nxc6 Nxf4 16. Nxe7+ Qxe7 17. gxf4 Bxg2 18. Kxg2 Qf6 19. Qe4 Rfd8 20. Rfd1 Rab8 21. a4 a6 22. Rd3 b5 23. cxb5 axb5 24. a5 Rd5 25. a6 g6 26. a7 Ra8 27. Rb3 Qd8 28. Ra6 Rxd4 29. Qf3 Rd5 30. Qe4 Qd7 31. Rb6 Rxa7 32. Rb8+ Kg7 33. Qb4 Qc6 34. Qf8+ Kf6 35. Qh8+ Ke7 36. Qf8+ Kf6 37. Qh8+ Ke7 38. Kg3 Ra1 39. Qf8+ Kf6 40. Qh8+ Kf5 41. Re3 Qc7 42. Qxh7 Qxf4+ 43. Kg2 Kf6 44. Qh8+ Kf5 45. Rb7 Qg4+ 46. Rg3 Qe4+ 47. Kh3 f6 48. Rf7 Qd4 49. Rxf6+ Qxf6 50. Rf3+ Ke4 51. Qxf6 Rh5+ 52. Kg2 1-0

[Event "Reykjavik Open 2025"]
[Site "Reykjavik"]
[Date "2025.04.11"]
[Round "4.70"]
[White "Mathews, Hans-Christian"]
[Black "Sleczka, Bartosz"]
[Result "1/2-1/2"]
[WhiteElo "2196"]
[WhiteFideId "16241339"]
[BlackElo "1920"]
[BlackFideId "1180428"]
[Variant "Standard"]
[StudyName "ROpen - Rd4 - Boards 45-108"]
1. e4 e5 2. Nf3 Nc6 3. d4 exd4 4. Nxd4 Bc5 5. Be3 Qf6 6. c3 Nge7 7. Be2 b6 8. O-O Bb7 9. f4 O-O-O 10. Qd2 Bxd4 11. cxd4 d5 12. e5 Qe6 13. b4 Nf5 14. Bf2 h5 15. a4 Qe7 16. b5 Na5 17. Bd3 Nh6 18. Qc3 Kb8 19. Nd2 Bc8 20. Nb3 Nxb3 21. Qxb3 Bf5 22. a5 g6 23. axb6 cxb6 24. Ra6 Bxd3 25. Qxd3 Rd7 26. Qb3 Rc8 27. Rfa1 Rc4 28. Qa2 Rb7 29. Ra4 Rbc7 30. Rxc4 Rxc4 31. Bh4 Qb7 32. Qa3 Nf5 33. Bf2 Qc7 34. Qf8+ Kb7 35. Qa3 Kb8 36. Qf8+ 1/2-1/2

[Event "Reykjavik Open 2025"]
[Site "Reykjavik"]
[Date "2025.04.11"]
[Round "4.71"]
[White "Savidge, Daniel"]
[Black "Coutinho, Joao Manuel Sousa"]
[Result "1-0"]
[WhiteElo "2180"]
[WhiteFideId "450332"]
[BlackElo "1903"]
[BlackFideId "1933418"]
[Variant "Standard"]
[StudyName "ROpen - Rd4 - Boards 45-108"]
1. e4 c6 2. d4 d5 3. e5 c5 4. dxc5 e6 5. a3 Bxc5 6. b4 Bf8 7. Nf3 Nd7 8. c4 dxc4 9. Bxc4 Qc7 10. Bb3 Nxe5 11. Bb2 Ng6 12. Nc3 Bd7 13. Rc1 Qd8 14. Ne4 Bc6 15. Qc2 Nf6 16. Ba4 Rc8 17. Nd4 Ne7 18. Nxc6 Nxc6 19. b5 Ne7 20. b6+ Nc6 21. Nxf6+ gxf6 22. bxa7 Qa5+ 23. Bc3 Qxa7 24. Bxf6 Rg8 25. O-O Rg6 26. Bh4 Qd4 27. Qc4 Qxc4 28. Rxc4 Bxa3 29. Rb1 Rc7 30. Rxc6 Rxc6 31. Rxb7 e5 32. Rc7 1-0

[Event "Reykjavik Open 2025"]
[Site "Reykjavik"]
[Date "2025.04.11"]
[Round "4.72"]
[White "Joel, Paul Ganta"]
[Black "Bjarnason, Snorri Vikanes"]
[Result "1-0"]
[WhiteElo "2170"]
[WhiteFideId "35066145"]
[BlackElo "1901"]
[BlackFideId "1539833"]
[Variant "Standard"]
[StudyName "ROpen - Rd4 - Boards 45-108"]
1. d4 d5 2. Nf3 Nf6 3. g3 g6 4. Bg2 Bg7 5. O-O O-O 6. c3 a5 7. a4 Nbd7 8. Re1 Nb6 9. Nbd2 Bg4 10. Nh4 Bd7 11. e4 dxe4 12. Nxe4 Nxe4 13. Bxe4 c6 14. Bg2 Be6 15. Nf3 Bd5 16. b3 Bxf3 17. Qxf3 Nd5 18. Ba3 Re8 19. Rad1 e6 20. Qd3 Qb6 21. c4 Nb4 22. Qd2 Na6 23. Re3 Bh6 24. f4 Rad8 25. Kh1 Bg7 26. Rd3 Nc7 27. Bb2 Rd7 28. Bf3 Red8 29. Be4 Ne8 30. Bf3 Nc7 31. Bg2 Na6 32. Bc3 1-0

[Event "Reykjavik Open 2025"]
[Site "Reykjavik"]
[Date "2025.04.11"]
[Round "4.73"]
[White "Aas, Robert"]
[Black "Gajcin, Marina"]
[Result "0-1"]
[WhiteElo "1898"]
[WhiteFideId "1571303"]
[BlackElo "2217"]
[BlackFideId "949086"]
[Variant "Standard"]
[StudyName "ROpen - Rd4 - Boards 45-108"]
1. d4 Nf6 2. c4 e6 3. Nf3 Bb4+ 4. Nbd2 b6 5. g3 O-O 6. Bg2 d5 7. O-O Bb7 8. cxd5 exd5 9. a3 Be7 10. b4 Nbd7 11. Rb1 Re8 12. Ne5 Nxe5 13. dxe5 Nd7 14. Bb2 a5 15. Qb3 axb4 16. axb4 Bf8 17. f4 c5 18. Bxd5 Bxd5 19. Qxd5 Nxe5 20. Qxd8 Raxd8 21. Bc1 Ng4 22. h3 Ne3 23. Rf3 cxb4 24. Nb3 Rd1+ 25. Kh2 Ng4+ 26. hxg4 Rxe2+ 27. Kh3 Rh1# 0-1

[Event "Reykjavik Open 2025"]
[Site "Reykjavik"]
[Date "2025.04.11"]
[Round "4.74"]
[White "Aeschbacher, Dimitri"]
[Black "James, Chris"]
[Result "0-1"]
[WhiteElo "2142"]
[WhiteFideId "551032830"]
[BlackElo "1895"]
[BlackFideId "2404249"]
[Variant "Standard"]
[StudyName "ROpen - Rd4 - Boards 45-108"]
1. e4 e6 2. d4 d5 3. Nd2 Nc6 4. c3 e5 5. dxe5 Nxe5 6. f4 Ng4 7. Qa4+ Bd7 8. Qd4 dxe4 9. Be2 N4f6 10. Nxe4 Bc6 11. Nxf6+ Nxf6 12. Nf3 Qxd4 13. cxd4 Bxf3 14. Bxf3 O-O-O 15. O-O Rxd4 16. Be3 Rd3 17. Bxa7 Rxf3 18. Rxf3 b6 19. Rc1 Kb7 20. g3 Bd6 21. Bxb6 cxb6 22. Kg2 Re8 23. Rc2 Bc5 24. Rb3 Re3 25. Rxe3 Bxe3 26. Kf3 Bc5 27. g4 Nd5 28. a3 Bd6 29. f5 f6 30. Ke4 Ne7 31. h4 Bg3 32. b3 h6 33. h5 Bd6 34. b4 b5 35. Kd4 Kb6 36. Re2 Kc6 37. Rc2+ Kb6 38. Re2 Kc6 39. Kc3 Kd7 40. Kb3 Nc6 41. Re4 Be5 42. a4 Nd4+ 43. Ka3 Nc2+ 44. Kb3 Nd4+ 45. Ka2 bxa4 46. Re1 Kc6 47. Rc1+ Kb5 48. Rc8 Kxb4 49. Rg8 Ne2 50. Rxg7 Nc1+ 51. Kb1 a3 52. Rb7+ Kc4 53. Rc7+ Bxc7 0-1

[Event "Reykjavik Open 2025"]
[Site "Reykjavik"]
[Date "2025.04.11"]
[Round "4.75"]
[White "Tinkler, Paul"]
[Black "Martin, Nils"]
[Result "0-1"]
[WhiteElo "1894"]
[WhiteFideId "30961289"]
[BlackElo "2181"]
[BlackFideId "45160473"]
[Variant "Standard"]
[StudyName "ROpen - Rd4 - Boards 45-108"]
1. e4 c5 2. Nc3 Nc6 3. Nge2 Nf6 4. g3 d5 5. exd5 Nxd5 6. Bg2 Nxc3 7. Nxc3 g6 8. d3 Bg7 9. O-O O-O 10. Be3 Nd4 11. Ne4 Qc7 12. c3 Ne6 13. Qc2 Rd8 14. Rfd1 Rb8 15. Bh3 b6 16. Qe2 Nd4 17. cxd4 Bxh3 18. Bf4 Qb7 19. Bxb8 Rxb8 20. f3 Bxd4+ 21. Kh1 Be6 22. Kg2 Rd8 23. a3 a5 24. Rac1 Rd5 25. Re1 Re5 26. Qc2 Rh5 27. h4 h6 28. Rh1 Kg7 29. Rce1 Bd5 30. g4 Re5 31. Nd2 Qd7 32. Kh3 h5 33. Rxe5 Bxe5 34. Rg1 Bd4 35. Rf1 Bxf3 36. Nxf3 hxg4+ 37. Kg3 gxf3 38. Rxf3 Be5+ 39. Kf2 Qg4 40. Ke2 Bd4 41. Qd1 Qg2+ 42. Ke1 Bxb2 0-1

[Event "Reykjavik Open 2025"]
[Site "Reykjavik"]
[Date "2025.04.11"]
[Round "4.76"]
[White "Zhou, Guijue"]
[Black "Jonsson, Johann"]
[Result "1-0"]
[WhiteElo "2127"]
[WhiteFideId "8602905"]
[BlackElo "1890"]
[BlackFideId "2321688"]
[Variant "Standard"]
[StudyName "ROpen - Rd4 - Boards 45-108"]
1. e4 c5 2. Nf3 d6 3. d4 cxd4 4. Nxd4 Nf6 5. f3 g6 6. c4 Bg7 7. Be3 Nc6 8. Nc3 O-O 9. Qd2 Bd7 10. Be2 Nxd4 11. Bxd4 Bc6 12. O-O Nd7 13. Bxg7 Kxg7 14. f4 Qb6+ 15. Kh1 Nc5 16. Bf3 Na4 17. Nxa4 Bxa4 18. Qc3+ Kg8 19. e5 Rad8 20. f5 dxe5 21. Qxe5 Rd7 22. b3 Bc6 23. Rad1 Rfd8 24. fxg6 hxg6 25. Rxd7 Rxd7 26. Bxc6 bxc6 27. h3 Qd4 28. Re1 Qxe5 29. Rxe5 Kf8 30. Rc5 Rd6 31. Ra5 Rd7 32. Ra6 Rc7 33. Kg1 Ke8 34. Kf2 Kd7 35. Ke3 e5 36. Ke4 Ke6 37. b4 f5+ 38. Kf3 e4+ 39. Kf4 g5+ 40. Ke3 Kd6 41. g4 f4+ 42. Kxe4 Re7+ 43. Kf3 Re3+ 44. Kf2 Rc3 45. b5 Ke5 46. Rxc6 Rxh3 47. Rc5+ Ke4 48. Rxg5 Rh2+ 49. Ke1 Rxa2 50. c5 Ke3 51. Re5+ Kd4 52. Rf5 Ke3 53. Kd1 f3 54. c6 Ra4 55. g5 f2 56. g6 Rf4 57. Rxf4 Kxf4 58. Ke2 1-0

[Event "Reykjavik Open 2025"]
[Site "Reykjavik"]
[Date "2025.04.11"]
[Round "4.77"]
[White "Stolyarov, Alan"]
[Black "Mannion, Stephen R"]
[Result "1/2-1/2"]
[WhiteElo "1889"]
[WhiteFideId "30906008"]
[BlackElo "2180"]
[BlackFideId "2400111"]
[Variant "Standard"]
[StudyName "ROpen - Rd4 - Boards 45-108"]
1. d4 d5 2. c4 dxc4 3. e4 e5 4. Nf3 Bb4+ 5. Bd2 Bxd2+ 6. Nbxd2 exd4 7. Bxc4 Nc6 8. Nb3 Nge7 9. Nbxd4 O-O 10. O-O Nxd4 11. Qxd4 Qxd4 12. Nxd4 c5 13. Ne2 Rd8 14. Rfd1 Bd7 15. Nc3 Bc6 16. f4 Kf8 17. Kf2 Rd4 18. Rxd4 cxd4 19. Nd5 Bxd5 20. exd5 Rc8 21. Bb3 Rc5 22. Rd1 Nxd5 23. Rxd4 1/2-1/2

[Event "Reykjavik Open 2025"]
[Site "Reykjavik"]
[Date "2025.04.11"]
[Round "4.78"]
[White "Balje, Jan"]
[Black "Eliasson, Kristjan Orn"]
[Result "1-0"]
[WhiteElo "2125"]
[WhiteFideId "1004085"]
[BlackElo "1889"]
[BlackFideId "2301784"]
[Variant "Standard"]
[StudyName "ROpen - Rd4 - Boards 45-108"]
1. d4 d6 2. c4 Nf6 3. g3 g6 4. Bg2 Bg7 5. Nf3 O-O 6. O-O Nbd7 7. Nc3 Re8 8. e4 e5 9. h3 Nh5 10. Bg5 f6 11. Be3 Rf8 12. Re1 Rf7 13. Rc1 c6 14. b4 Qe8 15. c5 exd4 16. Nxd4 dxc5 17. bxc5 Bf8 18. Nb3 Ne5 19. g4 Ng7 20. Qc2 g5 21. Ne2 h5 22. f3 Ng6 23. Ng3 hxg4 24. hxg4 Nh4 25. Nd4 Qe5 26. Ngf5 Ngxf5 27. exf5 Rh7 28. Bf2 Qc7 29. Re4 Bd7 30. Rce1 Nxg2 31. Kxg2 Rd8 32. Qc4+ Kh8 33. Rh1 Rxh1 34. Kxh1 Bc8 35. Kg2 Rd5 36. Ne6 Bxe6 37. fxe6 Qg7 38. Bd4 Qe7 39. Qc3 Bg7 40. Re1 Kg8 41. Re4 Rd8 42. Re2 Rd5 43. Qe3 Rd8 44. Qe4 Rd5 45. Qe3 Rd8 46. f4 gxf4 47. Qxf4 Rd5 48. Bb2 a6 49. Bc3 Rd8 50. Ba5 Re8 51. Qd6 Bf8 52. Qxe7 Bxe7 53. Bb6 Bd8 54. Bxd8 Rxd8 55. Rb2 Re8 56. Rxb7 Rxe6 57. Rc7 Kf8 58. Kf3 Ke8 59. Kf4 Kd8 60. Kf5 Re5+ 61. Kxf6 Rxc5 62. Ra7 Rc2 63. g5 Rxa2 64. g6 Kc8 65. g7 Rf2+ 66. Kg6 Rg2+ 67. Kf7 Rf2+ 68. Ke8 Rg2 69. Kf8 Kb8 70. Rf7 Rd2 71. g8=Q Rd8+ 72. Kg7 Rxg8+ 73. Kxg8 a5 74. Kg7 a4 75. Kf6 c5 76. Ke5 1-0

[Event "Reykjavik Open 2025"]
[Site "Reykjavik"]
[Date "2025.04.11"]
[Round "4.79"]
[White "Rosario Almanzar, Raydily"]
[Black "Vroombout, Enrico"]
[Result "0-1"]
[WhiteElo "1888"]
[WhiteFideId "6403573"]
[BlackElo "2161"]
[BlackFideId "1008730"]
[Variant "Standard"]
[StudyName "ROpen - Rd4 - Boards 45-108"]
1. d4 Nf6 2. c4 c5 3. d5 b5 4. cxb5 a6 5. Nc3 g6 6. e3 Bg7 7. Nf3 O-O 8. a4 Bb7 9. Be2 e6 10. e4 exd5 11. exd5 axb5 12. Bxb5 Re8+ 13. Kf1 Na6 14. Bg5 Qa5 15. Rc1 Nc7 16. Bc4 Ne4 17. Nxe4 Rxe4 18. b3 Rae8 19. Qd3 d6 20. Bd2 Qa8 21. Re1 Rxe1+ 22. Bxe1 Nxd5 23. Bd2 Nc7 24. h4 d5 25. Bb5 Nxb5 26. axb5 Qa1+ 27. Ne1 Qd1 28. Be3 Qa1 29. h5 d4 30. Bd2 Qd1 31. hxg6 hxg6 32. Rh4 Rxe1+ 0-1

[Event "Reykjavik Open 2025"]
[Site "Reykjavik"]
[Date "2025.04.11"]
[Round "4.80"]
[White "Hallmundarson, Birkir"]
[Black "Jonsson, Gauti Pall"]
[Result "1-0"]
[WhiteElo "1882"]
[WhiteFideId "2319446"]
[BlackElo "2122"]
[BlackFideId "2309092"]
[Variant "Standard"]
[StudyName "ROpen - Rd4 - Boards 45-108"]
1. Nf3 Nf6 2. c4 b6 3. d4 Bb7 4. Nc3 d5 5. Bg5 Ne4 6. Bh4 Nxc3 7. bxc3 g6 8. e3 Bg7 9. Bd3 O-O 10. O-O dxc4 11. Bxc4 Nc6 12. Qe2 Na5 13. Bd3 c5 14. Rfd1 cxd4 15. cxd4 Rc8 16. Rac1 Qd6 17. h3 Qa3 18. Rxc8 Rxc8 19. Ng5 h6 20. Nf3 e6 21. Ne5 Rc1 22. Rxc1 Qxc1+ 23. Kh2 Qc7 24. Bg3 Qd8 25. Qc2 Bxe5 26. Bxe5 Nc6 27. Bf4 Nb4 28. Qd2 Nxd3 29. Qxd3 Qd5 30. f3 Qxa2 31. e4 g5 32. Be5 Ba6 33. Qc3 Bc4 34. d5 exd5 35. Bh8 Kf8 36. Qf6 Bb5 37. Qd6+ 1-0

[Event "Reykjavik Open 2025"]
[Site "Reykjavik"]
[Date "2025.04.11"]
[Round "4.81"]
[White "Bourgois, Bastien"]
[Black "Roth, Jonas"]
[Result "1-0"]
[WhiteElo "2112"]
[WhiteFideId "681482"]
[BlackElo "1881"]
[BlackFideId "34623515"]
[Variant "Standard"]
[StudyName "ROpen - Rd4 - Boards 45-108"]
1. d4 Nf6 2. c4 g6 3. h4 Bg7 4. Nc3 d5 5. h5 gxh5 6. cxd5 Nxd5 7. Rxh5 Be6 8. e4 Nxc3 9. bxc3 c6 10. Nh3 Qc8 11. Be2 Nd7 12. Rg5 Bf6 13. Rh5 Bg7 14. Nf4 Nf6 15. Rg5 Bf8 16. Qd3 h6 17. Rg3 Rg8 18. Rxg8 Nxg8 19. Nxe6 Qxe6 20. d5 Qe5 21. f4 Qf6 22. Rb1 O-O-O 23. Be3 cxd5 24. exd5 a6 25. Qc4+ Kb8 26. Qc5 b5 27. Bxb5 Qh4+ 28. Bf2 Qh1+ 29. Bf1+ 1-0

[Event "Reykjavik Open 2025"]
[Site "Reykjavik"]
[Date "2025.04.11"]
[Round "4.82"]
[White "Toth, Kincso"]
[Black "Agbabishvili, Lali"]
[Result "0-1"]
[WhiteElo "1881"]
[WhiteFideId "17003857"]
[BlackElo "2119"]
[BlackFideId "2613433"]
[Variant "Standard"]
[StudyName "ROpen - Rd4 - Boards 45-108"]
1. e4 c5 2. c3 Nf6 3. e5 Nd5 4. d4 cxd4 5. Nf3 e6 6. cxd4 Nc6 7. Nc3 Nxc3 8. bxc3 d6 9. exd6 Bxd6 10. Bd3 Ne7 11. O-O Bd7 12. Re1 h6 13. Nd2 Bc6 14. Qg4 Qc7 15. h3 h5 16. Qe2 Bh2+ 17. Kf1 Bf4 18. Nf3 Kf8 19. Ba3 Bd6 20. Bb2 Nd5 21. Qc2 Nf4 22. Be4 Rc8 23. Rac1 Qa5 24. Ba1 Rg8 25. Bxc6 Rxc6 26. Ne5 Qd5 27. f3 Bxe5 28. Rxe5 Qc4+ 29. Kg1 Nd3 30. Rd1 Nxe5 31. dxe5 Ke7 32. Qd2 Qc5+ 33. Kh1 Rgc8 34. Qg5+ Ke8 35. Qxg7 Qf8 36. Qf6 R6c7 37. Qf4 a6 38. Qa4+ Rc6 39. Bb2 Rd8 40. Rxd8+ Kxd8 41. Qa5+ Kc8 42. Ba3 Qe8 43. Bd6 f5 44. Qb4 b5 45. a4 Rc4 46. Qa5 Qc6 47. axb5 Qxb5 48. Qa2 a5 49. Qd2 Qd5 50. Qb2 Qb7 51. Qa2 Qb5 52. Qd2 h4 53. Qh6 Qd5 54. Qf8+ Kb7 55. Qb8+ Ka6 56. Qb2 Rc8 57. Qf2 Rc4 58. Qb2 a4 59. Kh2 Rc8 60. Qf2 Qc4 61. Qc2 Rc6 62. Kh1 Rb6 63. Qc1 Rb3 64. Qh6 Rxc3 65. Be7 a3 66. Bxh4 a2 0-1

[Event "Reykjavik Open 2025"]
[Site "Reykjavik"]
[Date "2025.04.11"]
[Round "4.84"]
[White "Hermannsson, Sigurbjorn"]
[Black "Fartmann, Oliver"]
[Result "0-1"]
[WhiteElo "1870"]
[WhiteFideId "2325128"]
[BlackElo "2109"]
[BlackFideId "12910392"]
[Variant "Standard"]
[StudyName "ROpen - Rd4 - Boards 45-108"]
1. e4 e5 2. Nf3 Nc6 3. Bc4 Nf6 4. Ng5 d5 5. exd5 Na5 6. d3 h6 7. Nf3 e4 8. Nd4 Bc5 9. Be3 O-O 10. Nc3 Bg4 11. Qd2 c6 12. h3 cxd5 13. hxg4 dxc4 14. Nf5 Bxe3 15. Qxe3 Re8 16. Nxh6+ Kf8 17. Qc5+ Qe7 18. Qxe7+ Kxe7 19. Nf5+ Kd7 20. dxe4 Nxe4 21. O-O-O+ Kc6 22. Nxg7 Nxc3 23. Rh6+ Kb5 24. Nxe8 Ne2+ 25. Kd2 Rxe8 26. Re1 c3+ 27. Kd1 cxb2 28. c4+ Nxc4 29. Rh5+ Ka4 30. Kc2 Nd4+ 0-1

[Event "Reykjavik Open 2025"]
[Site "Reykjavik"]
[Date "2025.04.11"]
[Round "4.85"]
[White "Clyde, Jordan"]
[Black "Briem, Gudrun Fanney"]
[Result "1-0"]
[WhiteElo "2095"]
[WhiteFideId "2616653"]
[BlackElo "1863"]
[BlackFideId "2317486"]
[Variant "Standard"]
[StudyName "ROpen - Rd4 - Boards 45-108"]
1. Nf3 c6 2. b3 d5 3. Bb2 Bf5 4. d3 Nd7 5. Nbd2 Ngf6 6. e3 Qc7 7. Qe2 Bg6 8. g3 e5 9. e4 Bd6 10. Bg2 O-O 11. O-O Rfe8 12. Nh4 Rad8 13. Kh1 Nf8 14. Rae1 a6 15. a3 b5 16. Qd1 N8d7 17. Qa1 dxe4 18. dxe4 a5 19. Re2 Bh5 20. f3 Bg6 21. Rfe1 Nh5 22. Bh3 h6 23. Nf1 Bh7 24. Ne3 g6 25. Ng4 Bf8 26. Qc1 g5 27. Ng2 Bg7 28. N4e3 Nhf6 29. Bf5 Bg6 30. h4 gxh4 31. Nxh4 Nf8 32. Kg2 c5 33. c4 b4 34. a4 Qe7 35. Nd5 Nxd5 36. exd5 Qd6 37. Qa1 Bxf5 38. Nxf5 Qg6 39. Nxg7 Qxg7 40. Rxe5 Rxe5 41. Rxe5 Qg6 42. Re7 Kh7 43. Qc1 h5 44. Qf4 Rd7 45. Qe5 1-0

[Event "Reykjavik Open 2025"]
[Site "Reykjavik"]
[Date "2025.04.11"]
[Round "4.86"]
[White "Albersmann, Rene"]
[Black "Blanchet, Mathieu"]
[Result "0-1"]
[WhiteElo "1859"]
[WhiteFideId "34631402"]
[BlackElo "2091"]
[BlackFideId "26052610"]
[Variant "Standard"]
[StudyName "ROpen - Rd4 - Boards 45-108"]
1. d4 d5 2. e3 Nf6 3. f4 c5 4. c3 Nc6 5. Nf3 Bg4 6. Be2 e6 7. O-O Bd6 8. Ne5 Bxe2 9. Qxe2 O-O 10. Nd2 Ne7 11. Kh1 c4 12. g4 b5 13. g5 Bxe5 14. fxe5 Ne4 15. Nxe4 dxe4 16. Qg4 Nf5 17. h4 h5 18. gxh6 Nxh6 19. Qxe4 Nf5 20. Rg1 Qxh4+ 21. Qxh4 Nxh4 22. e4 Ng6 23. Be3 Rfd8 24. Rad1 Rd7 25. a3 a5 26. Rg5 Re8 27. Kg2 Kf8 28. Rh5 Kg8 29. Rg5 b4 30. axb4 axb4 31. cxb4 Rb8 32. d5 Rxb4 33. Rd2 c3 34. bxc3 Rxe4 35. Kf3 exd5 36. e6 Nh4+ 37. Kf2 fxe6 38. Bd4 Rf7+ 39. Kg3 Nf3 0-1